MOST POPULAR GIRL NAMES IN ENGLAND AND WALES IN 1900 - Statistics

General Stats
  • This quiz has been taken 2,299 times
  • The average score is 33 of 100
Answer Stats
Rank Answer % Correct
1 Mary
94%
50 Eliza
91%
6 Elizabeth
91%
52 Ann
88%
30 Catherine
74%
88 Victoria
74%
29 Jane
71%
11 Margaret
69%
13 Sarah
67%
64 Charlotte
62%
36 Emma
60%
27 Rose
60%
15 Ellen
58%
21 Emily
58%
75 Helen
57%
47 Hannah
54%
100 Susan
53%
85 Maria
52%
5 Alice
51%
96 Isabel
49%
82 Rachel
47%
17 Lily
46%
49 Kate
45%
68 Caroline
44%
63 Laura
44%
92 Rebecca
44%
93 Julia
43%
48 Lucy
42%
66 Ruth
42%
8 Dorothy
39%
32 Frances
39%
42 Grace
39%
41 Amy
37%
98 Janet
37%
4 Edith
36%
44 Martha
35%
3 Annie
34%
53 Eleanor
34%
37 Eva
34%
74 Amelia
33%
2 Florence
33%
45 Daisy
32%
79 Eveline
32%
46 Evelyn
32%
54 Harriet
32%
60 Isabella
32%
40 Louisa
32%
19 Violet
32%
22 Beatrice
31%
24 May
31%
34 Olive
30%
94 Ella
29%
61 Nora
28%
73 Norah
28%
91 Rosa
28%
10 Doris
27%
59 Esther
27%
16 Hilda
27%
43 Clara
26%
26 Ivy
24%
9 Ethel
23%
28 Gertrude
23%
65 Irene
23%
33 Agnes
22%
72 Edna
22%
95 Henrietta
22%
87 Ruby
22%
31 Kathleen
21%
14 Lilian
21%
7 Elsie
20%
97 Matilda
19%
77 Vera
19%
20 Ada
18%
51 Bertha
18%
86 Lydia
18%
12 Gladys
17%
71 Maggie
17%
39 Maud
17%
57 Dora
16%
25 Mabel
16%
99 Phoebe
16%
58 Ida
15%
76 Mildred
15%
23 Nellie
15%
18 Winifred
15%
62 Marjorie
14%
69 Fanny
13%
78 Gwendoline
13%
81 Marion
13%
55 Phyllis
13%
56 Constance
12%
35 Jessie
11%
89 Miriam
10%
67 Bessie
8%
80 Lizzie
8%
38 Minnie
8%
90 Blanche
5%
70 Muriel
5%
84 Florrie
2%
83 Rosina
2%
No matching quizzes found
Score Distribution
Percent of People with Each Score
Percentile by Number Answered
Your Score History
You have not taken this quiz